| 000 | 00404nam a22001697a 4500 | ||
|---|---|---|---|
| 999 |
_c532307 _d532307 |
||
| 003 | NUST | ||
| 005 | 20191118102321.0 | ||
| 008 | 191118b ||||| |||| 00| 0 eng d | ||
| 038 | _aMSOHAIL | ||
| 082 | _a0 | ||
| 100 |
_aDigital _925733 |
||
| 245 | _aEnvironment GIS Applications Guide | ||
| 250 | _a3rd | ||
| 260 |
_aUSA _bDigital Equipment Corporation _cc1993 |
||
| 300 | _ap;121 | ||
| 942 |
_2ddc _cBK |
||